[Event "EUYCC 2025 - U08"]
[Site "?"]
[Date "2025.08.25"]
[Round "7.1"]
[White "Pastor Zuccolo, Matteo"]
[Black "Jevglevski, Lev"]
[Result "0-1"]
[BlackElo "1726"]
[WhiteElo "1507"]
[LiveChessVersion "1.4.8"]

1. e4 {[%clk 1:30:58]} e5 {[%clk 1:30:51]} 2. Bc4 {[%clk 1:31:22]} Nf6
{[%clk 1:30:56]} 3. d3 {[%clk 1:31:47]} c6 {[%clk 1:31:09]} 4. Nf3
{[%clk 1:32:04]} d5 {[%clk 1:31:30]} 5. Bb3 {[%clk 1:32:29]} a5 {[%clk 1:30:52]}
6. a4 {[%clk 1:32:08]} Bb4+ {[%clk 1:31:12]} 7. c3 {[%clk 1:32:32]} Bd6
{[%clk 1:31:37]} 8. O-O {[%clk 1:32:51]} O-O {[%clk 1:31:59]} 9. Re1
{[%clk 1:33:07]} dxe4 {[%clk 1:32:09]} 10. dxe4 {[%clk 1:33:26]} h6
{[%clk 1:32:00]} 11. Nbd2 {[%clk 1:33:25]} Bc7 {[%clk 1:32:03]} 12. Qc2
{[%clk 1:33:25]} Qe7 {[%clk 1:31:49]} 13. Nf1 {[%clk 1:33:07]} Nbd7
{[%clk 1:27:10]} 14. Ng3 {[%clk 1:31:05]} Nc5 {[%clk 1:27:25]} 15. Ba2
{[%clk 1:28:42]} Rd8 {[%clk 1:25:27]} 16. h3 {[%clk 1:20:55]} b5 {[%clk 1:23:08]}
17. axb5 {[%clk 1:18:58]} cxb5 {[%clk 1:21:24]} 18. b4 {[%clk 1:18:38]} axb4
{[%clk 1:20:08]} 19. cxb4 {[%clk 1:18:58]} Nd3 {[%clk 1:20:11]} 20. Bxf7+
{[%clk 1:17:25]} Qxf7 {[%clk 1:20:18]} 21. Rxa8 {[%clk 1:17:48]} Nxe1
{[%clk 1:20:22]} 22. Nxe1 {[%clk 1:18:12]} Kh7 {[%clk 1:19:56]} 23. Ra7
{[%clk 1:16:38]} Ne8 {[%clk 1:19:16]} 24. Nf3 {[%clk 1:13:01]} Bxh3
{[%clk 1:05:10]} 25. Nxe5 {[%clk 1:03:03]} Qe6 {[%clk 1:02:20]} 26. Rxc7
{[%clk 0:59:20]} Nxc7 {[%clk 1:02:20]} 27. Qxc7 {[%clk 0:59:14]} Rc8
{[%clk 1:02:16]} 28. Qxc8 {[%clk 0:58:25]} Qxc8 {[%clk 1:01:46]} 29. Be3
{[%clk 0:57:18]} Qc3 {[%clk 1:00:47]} 30. Nf3 {[%clk 0:57:28]} Bg4
{[%clk 1:00:03]} 31. Nh2 {[%clk 0:54:13]} Be2 {[%clk 0:59:26]} 32. Bc5
{[%clk 0:53:18]} Qe1+ {[%clk 0:59:49]} 33. Nhf1 {[%clk 0:53:37]} Bxf1
{[%clk 1:00:10]} 34. Nxf1 {[%clk 0:54:02]} Qxe4 {[%clk 1:00:31]} 35. Ne3
{[%clk 0:54:05]} g5 {[%clk 1:00:34]} 36. Kh2 {[%clk 0:53:31]} h5 {[%clk 1:00:42]}
37. Kh1 {[%clk 0:52:51]} h4 {[%clk 1:00:52]} 38. Kg1 {[%clk 0:52:58]} g4
{[%clk 1:00:55]} 39. Kh2 {[%clk 0:53:21]} Qf4+ {[%clk 1:00:54]} 40. Kh1
{[%clk 0:51:59]} Qxf2 {[%clk 1:01:06]} 41. Nxg4 {[%clk 0:51:50]} Qe1+
{[%clk 0:59:29]} 42. Bg1 {[%clk 0:51:42]} Qxb4 {[%clk 0:59:42]} 43. Nf6+
{[%clk 0:52:01]} Kg6 {[%clk 0:59:59]} 44. Nd5 {[%clk 0:52:18]} Qe4
{[%clk 0:59:11]} 45. Nc3 {[%clk 0:52:26]} Qc6 {[%clk 0:59:31]} 46. Ne2
{[%clk 0:52:23]} b4 {[%clk 0:59:38]} 47. Nd4 {[%clk 0:52:16]} Qe4
{[%clk 0:59:47]} 48. Kh2 {[%clk 0:52:03]} h3 {[%clk 0:59:33]} 49. gxh3
{[%clk 0:47:33]} b3 {[%clk 0:59:49]} 50. Nxb3 {[%clk 0:47:28]} Qc2+
{[%clk 0:59:59]} 51. Kh1 {[%clk 0:47:20]} Qxb3 {[%clk 1:00:17]} 52. Kg2
{[%clk 0:47:36]} Kf5 {[%clk 1:00:36]} 53. Bf2 {[%clk 0:47:48]} Ke4
{[%clk 1:00:59]} 54. Bg3 {[%clk 0:47:50]} Qf3+ {[%clk 1:01:11]} 55. Kh2
{[%clk 0:48:09]} Qf1 {[%clk 1:01:32]} 56. Bf4 {[%clk 0:47:46]} Kf3
{[%clk 1:01:50]} 0-1

[Event "EUYCC 2025 - U08"]
[Site "?"]
[Date "2025.08.25"]
[Round "7.3"]
[White "Katsarski, Yan"]
[Black "Sava, Daniel"]
[Result "0-1"]
[BlackElo "1450"]
[WhiteElo "1580"]
[LiveChessVersion "1.4.8"]

1. e4 {[%clk 1:29:00]} d6 {[%clk 1:30:34]} 2. d4 {[%clk 1:27:30]} Nf6
{[%clk 1:30:46]} 3. Nc3 {[%clk 1:25:59]} Nbd7 {[%clk 1:30:50]} 4. f4
{[%clk 1:24:30]} e5 {[%clk 1:30:41]} 5. Nf3 {[%clk 1:22:00]} exd4
{[%clk 1:29:56]} 6. Qxd4 {[%clk 1:20:16]} c6 {[%clk 1:28:36]} 7. Be3
{[%clk 1:18:55]} d5 {[%clk 1:24:51]} 8. exd5 {[%clk 1:14:48]} Bc5
{[%clk 1:23:13]} 9. Qd3 {[%clk 1:08:14]} Qe7 {[%clk 1:20:14]} 10. Nd4
{[%clk 1:05:34]} Ng4 {[%clk 1:03:19]} 11. Nd1 {[%clk 1:02:52]} cxd5
{[%clk 1:01:22]} 12. Be2 {[%clk 0:59:11]} Nxe3 {[%clk 0:51:24]} 13. Nxe3
{[%clk 0:57:55]} Nf6 {[%clk 0:44:12]} 14. O-O {[%clk 0:53:31]} O-O
{[%clk 0:43:11]} 15. Rfe1 {[%clk 0:51:13]} Re8 {[%clk 0:41:49]} 16. Bf3
{[%clk 0:51:10]} Qc7 {[%clk 0:36:04]} 17. c3 {[%clk 0:37:12]} Qxf4
{[%clk 0:31:01]} 18. Nxd5 {[%clk 0:36:25]} Rxe1+ {[%clk 0:27:29]} 19. Rxe1
{[%clk 0:36:38]} Nxd5 {[%clk 0:26:10]} 20. Bxd5 {[%clk 0:36:53]} Bd7
{[%clk 0:17:05]} 21. Rf1 {[%clk 0:34:07]} Qg5 {[%clk 0:14:05]} 22. Bxf7+
{[%clk 0:33:29]} Kh8 {[%clk 0:14:13]} 23. Bb3 {[%clk 0:32:15]} Re8
{[%clk 0:11:57]} 24. Qf3 {[%clk 0:28:01]} Bb5 {[%clk 0:07:32]} 25. c4
{[%clk 0:22:01]} Bc6 {[%clk 0:07:21]} 26. Qh3 {[%clk 0:19:55]} Bxd4+
{[%clk 0:07:27]} 27. Kh1 {[%clk 0:20:04]} Bc5 {[%clk 0:05:46]} 28. Bc2
{[%clk 0:20:21]} h6 {[%clk 0:05:02]} 29. Qd3 {[%clk 0:20:31]} Qxg2#
{[%clk 0:05:17]} 0-1

[Event "EUYCC 2025 - U08"]
[Site "?"]
[Date "2025.08.25"]
[Round "7.5"]
[White "Szlendak, Wojciech"]
[Black "Brentegani, Romeo"]
[Result "1/2-1/2"]
[BlackElo "1598"]
[WhiteElo "1492"]
[LiveChessVersion "1.4.8"]

1. c4 {[%clk 1:30:57]} Nf6 {[%clk 1:30:16]} 2. Nc3 {[%clk 1:31:13]} c5
{[%clk 1:29:58]} 3. Nf3 {[%clk 1:31:03]} g6 {[%clk 1:28:12]} 4. g3
{[%clk 1:28:54]} Bg7 {[%clk 1:27:16]} 5. Bg2 {[%clk 1:27:53]} O-O
{[%clk 1:26:51]} 6. O-O {[%clk 1:26:04]} d6 {[%clk 1:25:08]} 7. d3
{[%clk 1:25:21]} Nc6 {[%clk 1:24:19]} 8. Bd2 {[%clk 1:21:12]} Be6
{[%clk 1:22:48]} 9. e4 {[%clk 0:57:46]} Nd4 {[%clk 1:16:10]} 10. Nxd4
{[%clk 0:50:38]} cxd4 {[%clk 1:16:29]} 11. Ne2 {[%clk 0:50:54]} Bg4
{[%clk 1:13:09]} 12. h3 {[%clk 0:47:57]} Bxe2 {[%clk 1:11:31]} 13. Qxe2
{[%clk 0:48:16]} Nd7 {[%clk 1:11:43]} 14. b4 {[%clk 0:27:57]} e5 {[%clk 1:09:05]}
15. Rac1 {[%clk 0:12:36]} Rc8 {[%clk 1:07:38]} 16. Rc2 {[%clk 0:10:34]} Qe7
{[%clk 1:05:40]} 17. Rfc1 {[%clk 0:10:42]} b6 {[%clk 1:04:29]} 18. a3
{[%clk 0:03:52]} Rc7 {[%clk 1:04:02]} 19. h4 {[%clk 0:03:26]} Rfc8
{[%clk 1:03:52]} 20. b5 {[%clk 0:01:55]} Nc5 {[%clk 1:03:58]} 21. Bb4
{[%clk 0:01:10]} Bh6 {[%clk 1:04:09]} 22. Rb1 {[%clk 0:00:52]} Qd7
{[%clk 1:02:12]} 23. Kh2 {[%clk 0:00:33]} Qe7 {[%clk 1:02:05]} 24. Bh3
{[%clk 0:00:33]} Rd8 {[%clk 1:01:44]} 25. Bxc5 {[%clk 0:00:38]} dxc5
{[%clk 1:02:03]} 26. a4 {[%clk 0:00:49]} Rf8 {[%clk 1:00:49]} 27. Kg2
{[%clk 0:00:46]} Kh8 {[%clk 1:00:52]} 28. Re1 {[%clk 0:00:51]} Bg7
{[%clk 1:00:40]} 29. Rf1 {[%clk 0:00:37]} f5 {[%clk 0:59:47]} 30. f4
{[%clk 0:00:39]} Qd6 {[%clk 0:59:09]} 31. exf5 {[%clk 0:00:42]} exf4
{[%clk 0:58:57]} 32. Rxf4 {[%clk 0:00:42]} Bh6 {[%clk 0:58:53]} 33. Rf1
{[%clk 0:00:45]} Re7 {[%clk 0:59:04]} 34. Qd1 {[%clk 0:00:39]} Re3
{[%clk 0:59:07]} 35. Rf3 {[%clk 0:00:48]} gxf5 {[%clk 0:58:56]} 36. Rcf2
{[%clk 0:00:45]} f4 {[%clk 0:58:24]} 37. gxf4 Rxf4 {[%clk 0:58:04]} 38. Rxe3
{[%clk 0:00:35]} Rxf2+ {[%clk 0:58:23]} 39. Kxf2 {[%clk 0:00:40]} Bxe3+
{[%clk 0:58:26]} 40. Kg2 {[%clk 0:00:38]} Qf6 {[%clk 0:56:34]} 41. Qf3
{[%clk 0:00:32]} Qf5 1/2-1/2

[Event "EUYCC 2025 - U08"]
[Site "?"]
[Date "2025.08.25"]
[Round "7.6"]
[White "Karcz, Bartlomiej"]
[Black "Matala, Sophia-Lenina"]
[Result "1-0"]
[BlackElo "1459"]
[WhiteElo "1443"]
[LiveChessVersion "1.4.8"]

1. e4 {[%clk 1:30:58]} c5 {[%clk 1:30:53]} 2. Nc3 {[%clk 1:29:07]} Nc6
{[%clk 1:30:11]} 3. g3 {[%clk 1:29:27]} g6 {[%clk 1:30:33]} 4. Bg2
{[%clk 1:28:56]} Bg7 {[%clk 1:30:13]} 5. d3 {[%clk 1:24:55]} d6 {[%clk 1:30:18]}
6. f4 {[%clk 1:25:07]} e6 {[%clk 1:16:50]} 7. Nf3 {[%clk 1:16:30]} Nd4
{[%clk 1:13:33]} 8. O-O {[%clk 1:07:10]} Ne7 {[%clk 0:59:00]} 9. Be3
{[%clk 1:01:46]} Nxf3+ {[%clk 0:58:20]} 10. Rxf3 {[%clk 1:01:59]} Nc6
{[%clk 0:56:55]} 11. Rb1 {[%clk 0:59:24]} O-O {[%clk 0:53:54]} 12. h3
{[%clk 0:57:20]} d5 {[%clk 0:44:23]} 13. Bxc5 {[%clk 0:55:56]} Re8
{[%clk 0:44:26]} 14. Bf2 {[%clk 0:56:16]} d4 {[%clk 0:44:15]} 15. Ne2
{[%clk 0:56:36]} b6 {[%clk 0:38:43]} 16. Be1 {[%clk 0:36:35]} Ba6
{[%clk 0:31:26]} 17. Rf1 {[%clk 0:35:21]} Rc8 {[%clk 0:23:17]} 18. b4
{[%clk 0:34:33]} Bb5 {[%clk 0:20:55]} 19. Ra1 {[%clk 0:34:55]} Ba4
{[%clk 0:18:18]} 20. Qc1 {[%clk 0:31:37]} Ne7 {[%clk 0:17:21]} 21. c3
{[%clk 0:31:16]} dxc3 {[%clk 0:17:12]} 22. Bxc3 {[%clk 0:31:30]} Bxc3
{[%clk 0:17:05]} 23. Nxc3 {[%clk 0:31:52]} Qd4+ {[%clk 0:17:23]} 24. Kh2 Qxc3
{[%clk 0:17:22]} 25. Qxc3 {[%clk 0:31:46]} Rxc3 {[%clk 0:17:45]} 26. Rf3
{[%clk 0:30:58]} Bc6 {[%clk 0:17:20]} 27. Re3 {[%clk 0:31:14]} Rd8
{[%clk 0:17:11]} 28. Rd1 {[%clk 0:31:30]} Ba4 {[%clk 0:17:20]} 29. Rd2
{[%clk 0:31:55]} Rc2 {[%clk 0:17:30]} 30. Rxc2 {[%clk 0:31:37]} Bxc2
{[%clk 0:17:51]} 31. Bf1 {[%clk 0:31:59]} Nc6 {[%clk 0:17:55]} 32. a3
{[%clk 0:32:19]} Rd4 {[%clk 0:16:39]} 33. Kg2 {[%clk 0:31:27]} a5
{[%clk 0:16:14]} 34. bxa5 {[%clk 0:31:43]} Nxa5 {[%clk 0:16:23]} 35. Kf2
{[%clk 0:32:09]} Nb3 {[%clk 0:16:18]} 36. Ke1 {[%clk 0:31:55]} Nc5
{[%clk 0:15:16]} 37. Kd2 {[%clk 0:30:41]} Bb3 {[%clk 0:15:14]} 38. Kc3
{[%clk 0:29:37]} Ra4 {[%clk 0:15:07]} 39. d4 {[%clk 0:29:21]} Rxa3
{[%clk 0:14:16]} 40. dxc5 {[%clk 0:28:32]} Bc4+ {[%clk 0:14:05]} 41. Kxc4
{[%clk 0:27:48]} Rxe3 {[%clk 0:13:53]} 42. cxb6 {[%clk 0:28:11]} Re1
{[%clk 0:14:03]} 43. Bd3 {[%clk 0:28:36]} Rc1+ {[%clk 0:14:00]} 44. Kb5
{[%clk 0:29:01]} Rc8 {[%clk 0:14:12]} 45. Ka6 {[%clk 0:29:19]} Kf8
{[%clk 0:14:05]} 46. b7 {[%clk 0:29:21]} Rb8 {[%clk 0:14:07]} 47. Ka7
{[%clk 0:29:46]} Rxb7+ {[%clk 0:14:18]} 48. Kxb7 {[%clk 0:30:02]} Ke7
{[%clk 0:14:18]} 49. Kc6 {[%clk 0:30:26]} f6 {[%clk 0:14:05]} 50. g4
{[%clk 0:30:21]} e5 {[%clk 0:12:40]} 51. f5 {[%clk 0:30:04]} g5 {[%clk 0:12:50]}
52. Bc4 {[%clk 0:30:21]} h6 {[%clk 0:12:10]} 53. Kc7 {[%clk 0:29:55]} Kf8
{[%clk 0:11:23]} 54. Kd6 Kg7 {[%clk 0:11:10]} 55. Ke7 {[%clk 0:29:33]} Kh7
{[%clk 0:11:21]} 56. Kxf6 {[%clk 0:29:45]} Kh8 {[%clk 0:11:36]} 57. Kxe5
{[%clk 0:30:05]} Kg7 {[%clk 0:11:50]} 58. f6+ {[%clk 0:30:30]} Kf8
{[%clk 0:12:09]} 59. Ke6 {[%clk 0:30:14]} Ke8 {[%clk 0:12:17]} 60. Bb5+
{[%clk 0:30:33]} Kf8 {[%clk 0:12:35]} 61. f7 {[%clk 0:30:54]} Kg7
{[%clk 0:12:50]} 62. Ke7 {[%clk 0:31:16]} Kg6 {[%clk 0:13:00]} 63. f8=Q
{[%clk 0:31:15]} Kh7 {[%clk 0:13:23]} 64. Kf6 {[%clk 0:31:34]} h5
{[%clk 0:13:42]} 65. Qg7# {[%clk 0:31:59]} 1-0

[Event "EUYCC 2025 - U08"]
[Site "?"]
[Date "2025.08.26"]
[Round "8.2"]
[White "Karcz, Bartlomiej"]
[Black "Talaba, David-Christian"]
[Result "0-1"]
[BlackElo "1577"]
[WhiteElo "1443"]
[LiveChessVersion "1.4.8"]

1. e4 {[%clk 1:30:37]} d6 {[%clk 1:30:53]} 2. d4 {[%clk 1:29:13]} Nf6
{[%clk 1:31:15]} 3. Nc3 {[%clk 1:27:12]} g6 {[%clk 1:31:32]} 4. f3
{[%clk 1:17:43]} h5 {[%clk 1:28:38]} 5. Be3 {[%clk 1:11:21]} Bg7 {[%clk 1:27:52]}
6. Qd2 {[%clk 1:10:17]} c6 {[%clk 1:25:05]} 7. a4 {[%clk 1:10:17]} Qc7
{[%clk 1:18:14]} 8. O-O-O {[%clk 0:50:35]} Nbd7 {[%clk 1:10:10]} 9. Nh3
{[%clk 0:46:38]} a6 {[%clk 1:08:08]} 10. Ng5 {[%clk 0:45:47]} b5 {[%clk 1:05:09]}
11. d5 {[%clk 0:37:39]} b4 {[%clk 0:55:38]} 12. Na2 {[%clk 0:30:52]} b3
{[%clk 0:46:01]} 13. Nc3 {[%clk 0:26:51]} bxc2 {[%clk 0:43:43]} 14. Kxc2
{[%clk 0:24:46]} cxd5 {[%clk 0:39:48]} 15. exd5 {[%clk 0:19:36]} Bb7
{[%clk 0:37:52]} 16. Kb1 {[%clk 0:19:42]} Rb8 {[%clk 0:34:26]} 17. Qc2
{[%clk 0:15:57]} Rc8 {[%clk 0:29:41]} 18. Rd2 {[%clk 0:16:01]} Nb6
{[%clk 0:26:24]} 19. Bxb6 {[%clk 0:14:53]} Qxb6 {[%clk 0:26:04]} 20. Qd3
{[%clk 0:11:56]} Nd7 {[%clk 0:20:37]} 21. Rc2 {[%clk 0:10:13]} Nc5
{[%clk 0:17:24]} 22. Qe3 {[%clk 0:07:32]} Nxa4 {[%clk 0:14:09]} 23. Qxb6
{[%clk 0:03:20]} Nxb6 {[%clk 0:14:26]} 24. Bd3 {[%clk 0:03:31]} Bxc3
{[%clk 0:13:51]} 25. Rxc3 {[%clk 0:03:53]} Rxc3 {[%clk 0:13:57]} 26. bxc3
{[%clk 0:04:13]} Nxd5 {[%clk 0:14:13]} 27. c4 {[%clk 0:04:26]} Nf4
{[%clk 0:14:29]} 28. Bf1 {[%clk 0:03:59]} f6 {[%clk 0:14:22]} 29. Ne4
{[%clk 0:03:00]} Bxe4+ {[%clk 0:14:16]} 30. fxe4 {[%clk 0:03:09]} Kf7
{[%clk 0:14:25]} 31. g3 {[%clk 0:00:33]} Ne6 {[%clk 0:14:29]} 32. Bd3
{[%clk 0:00:32]} Nc5 {[%clk 0:14:55]} 33. Bc2 {[%clk 0:00:31]} Rb8+
{[%clk 0:15:18]} 34. Ka2 {[%clk 0:00:32]} Rb4 {[%clk 0:15:46]} 35. Ka3
{[%clk 0:00:31]} Rxc4 {[%clk 0:16:11]} 36. Bb3 {[%clk 0:00:52]} Nxb3 37. Kxb3
{[%clk 0:01:13]} Rxe4 {[%clk 0:17:06]} 38. Ra1 {[%clk 0:00:32]} Re2
{[%clk 0:17:31]} 39. Rxa6 {[%clk 0:00:31]} Rxh2 {[%clk 0:17:56]} 40. Kc4 Rh3
{[%clk 0:18:18]} 41. Ra3 {[%clk 0:00:32]} h4 42. Kd4 {[%clk 0:00:31]} Rxg3
{[%clk 0:19:06]} 43. Rxg3 hxg3 44. Ke3 {[%clk 0:00:31]} e5 {[%clk 0:20:02]} 45.
Kf3 {[%clk 0:00:31]} d5 {[%clk 0:20:29]} 46. Kxg3 d4 47. Kf3 {[%clk 0:00:32]} Ke6
{[%clk 0:21:28]} 48. Ke4 {[%clk 0:00:31]} f5+ {[%clk 0:21:54]} 49. Kd3
{[%clk 0:00:31]} Kd5 {[%clk 0:22:23]} 50. Kd2 {[%clk 0:00:31]} e4
{[%clk 0:22:47]} 51. Ke2 {[%clk 0:00:31]} f4 {[%clk 0:23:15]} 52. Kd2
{[%clk 0:00:31]} f3 {[%clk 0:23:44]} 0-1

[Event "EUYCC 2025 - U08"]
[Site "?"]
[Date "2025.08.26"]
[Round "8.3"]
[White "Sava, Daniel"]
[Black "Pastor Zuccolo, Matteo"]
[Result "1/2-1/2"]
[BlackElo "1507"]
[WhiteElo "1450"]
[LiveChessVersion "1.4.8"]

1. d4 {[%clk 1:30:57]} Nf6 {[%clk 1:30:57]} 2. Bg5 {[%clk 1:31:10]} c5
{[%clk 1:31:21]} 3. d5 {[%clk 1:31:17]} Ne4 {[%clk 1:31:34]} 4. h4
{[%clk 1:30:59]} Nxg5 {[%clk 1:31:44]} 5. hxg5 {[%clk 1:31:22]} Qb6
{[%clk 1:32:05]} 6. Nd2 {[%clk 1:29:51]} Qxb2 {[%clk 1:31:23]} 7. Rb1
{[%clk 1:29:17]} Qxa2 {[%clk 1:31:34]} 8. e4 {[%clk 1:29:24]} g6 {[%clk 1:21:01]}
9. Nc4 {[%clk 1:27:33]} Bg7 {[%clk 1:20:37]} 10. Rh3 {[%clk 1:25:57]} b5
{[%clk 1:11:46]} 11. Rxb5 {[%clk 1:16:30]} Ba6 {[%clk 1:00:50]} 12. Ra3
{[%clk 1:08:45]} Bc3+ {[%clk 1:00:00]} 13. Ke2 {[%clk 0:58:41]} Bxb5
{[%clk 0:57:18]} 14. Rxa2 {[%clk 0:57:04]} Bxc4+ {[%clk 0:56:08]} 15. Kf3
{[%clk 0:56:12]} Bxa2 {[%clk 0:56:15]} 16. Qd3 {[%clk 0:53:50]} Bd4
{[%clk 0:55:57]} 17. Qb5 {[%clk 0:53:10]} O-O {[%clk 0:47:25]} 18. Qb7
{[%clk 0:51:02]} Nc6 {[%clk 0:46:54]} 19. dxc6 {[%clk 0:49:58]} dxc6
{[%clk 0:46:17]} 20. Qxc6 {[%clk 0:43:49]} f5 {[%clk 0:46:02]} 21. e5
{[%clk 0:38:36]} Rad8 {[%clk 0:45:57]} 22. Qa4 {[%clk 0:34:25]} Bd5+
{[%clk 0:46:09]} 23. Ke2 {[%clk 0:32:21]} Bxe5 {[%clk 0:44:45]} 24. c4
{[%clk 0:30:57]} Be4 {[%clk 0:44:53]} 25. Nf3 {[%clk 0:26:49]} Bd3+
{[%clk 0:44:52]} 26. Ke3 {[%clk 0:26:14]} f4+ {[%clk 0:45:08]} 27. Kd2
{[%clk 0:26:11]} Bxf1+ {[%clk 0:45:20]} 28. Ke1 {[%clk 0:26:12]} Bxg2
{[%clk 0:45:01]} 29. Nxe5 {[%clk 0:26:26]} Rf5 {[%clk 0:45:17]} 30. Ng4
{[%clk 0:24:48]} Bf3 {[%clk 0:45:19]} 31. Nh6+ {[%clk 0:25:10]} Kg7
{[%clk 0:45:10]} 32. Qa1+ {[%clk 0:27:44]} e5 {[%clk 0:45:18]} 33. Nxf5+
{[%clk 0:28:07]} gxf5 {[%clk 0:45:31]} 34. Qxe5+ {[%clk 0:28:23]} Kg8
{[%clk 0:45:09]} 35. Qe6+ {[%clk 0:27:26]} Kf8 {[%clk 0:45:13]} 36. Qxf5+
{[%clk 0:27:41]} Ke8 {[%clk 0:44:53]} 37. Qe6+ {[%clk 0:27:49]} Kf8
{[%clk 0:45:15]} 38. Qf6+ {[%clk 0:27:47]} Ke8 {[%clk 0:45:36]} 39. Qe6+
{[%clk 0:28:14]} Kf8 {[%clk 0:45:57]} 1/2-1/2

[Event "EUYCC 2025 - U08"]
[Site "?"]
[Date "2025.08.26"]
[Round "8.6"]
[White "Valik, Viktor"]
[Black "Szlendak, Wojciech"]
[Result "1/2-1/2"]
[BlackElo "1492"]
[WhiteElo "1518"]
[LiveChessVersion "1.4.8"]

1. e4 {[%clk 1:30:56]} c5 {[%clk 1:30:56]} 2. Nf3 {[%clk 1:30:59]} Nc6
{[%clk 1:31:19]} 3. d4 {[%clk 1:30:54]} cxd4 {[%clk 1:31:30]} 4. Nxd4
{[%clk 1:30:51]} e5 {[%clk 1:31:40]} 5. Nb3 {[%clk 1:29:05]} d6 {[%clk 1:29:48]}
6. Nc3 {[%clk 1:27:40]} h6 {[%clk 1:24:24]} 7. Be3 {[%clk 1:27:10]} Nf6
{[%clk 1:22:59]} 8. f3 {[%clk 1:25:31]} Be7 {[%clk 1:23:11]} 9. Qd2
{[%clk 1:24:59]} O-O {[%clk 1:19:11]} 10. O-O-O {[%clk 1:25:17]} a6
{[%clk 1:14:13]} 11. g4 {[%clk 1:23:52]} Nh7 {[%clk 0:57:48]} 12. Kb1
{[%clk 1:21:08]} Be6 {[%clk 0:40:26]} 13. Bf2 {[%clk 1:19:56]} b5
{[%clk 0:30:03]} 14. h4 {[%clk 1:19:20]} Qd7 {[%clk 0:05:51]} 15. Nd5
{[%clk 1:17:30]} Bxd5 {[%clk 0:05:35]} 16. Qxd5 {[%clk 1:17:45]} Qc7
{[%clk 0:03:08]} 17. Qd2 {[%clk 1:16:43]} Rfb8 {[%clk 0:00:51]} 18. Be3
{[%clk 1:16:45]} b4 {[%clk 0:00:36]} 19. g5 {[%clk 1:17:02]} h5 {[%clk 0:00:38]}
20. f4 {[%clk 1:17:17]} g6 {[%clk 0:00:41]} 21. f5 {[%clk 1:16:45]} Bf8
{[%clk 0:00:38]} 22. Bc4 {[%clk 1:17:01]} Kg7 {[%clk 0:00:38]} 23. Rhf1
{[%clk 1:16:42]} a5 {[%clk 0:00:34]} 24. fxg6 {[%clk 1:16:13]} Kxg6
{[%clk 0:00:34]} 25. Bxf7+ {[%clk 1:15:44]} Kg7 {[%clk 0:00:48]} 26. Bxh5
{[%clk 1:15:58]} a4 {[%clk 0:01:07]} 27. Nc1 {[%clk 1:15:55]} Nd8
{[%clk 0:00:51]} 28. Qf2 {[%clk 1:15:02]} a3 {[%clk 0:00:53]} 29. b3
{[%clk 1:15:14]} Qc3 {[%clk 0:01:08]} 30. Nd3 {[%clk 1:14:42]} d5
{[%clk 0:00:36]} 31. Qf5 {[%clk 1:13:47]} Rc8 {[%clk 0:00:31]} 1/2-1/2

[Event "EUYCC 2025 - U08"]
[Site "?"]
[Date "2025.08.27"]
[Round "9.1"]
[White "Jevglevski, Lev"]
[Black "Matala, Sophia-Lenina"]
[Result "1-0"]
[BlackElo "1459"]
[WhiteElo "1726"]
[LiveChessVersion "1.4.8"]

1. e4 {[%clk 1:30:56]} c5 {[%clk 1:30:54]} 2. Nf3 {[%clk 1:31:16]} Nc6
{[%clk 1:30:14]} 3. d4 {[%clk 1:31:38]} cxd4 {[%clk 1:30:05]} 4. Nxd4
{[%clk 1:31:59]} Nxd4 {[%clk 1:28:34]} 5. Qxd4 {[%clk 1:32:16]} Qc7
{[%clk 1:22:51]} 6. Nc3 {[%clk 1:27:20]} a6 {[%clk 1:05:48]} 7. Nd5
{[%clk 1:23:30]} Qc6 {[%clk 1:01:46]} 8. Qb6 {[%clk 1:21:47]} Qxb6
{[%clk 0:59:03]} 9. Nxb6 {[%clk 1:22:01]} Rb8 {[%clk 0:59:25]} 10. Bf4
{[%clk 1:22:06]} d6 {[%clk 0:59:47]} 11. e5 {[%clk 1:22:02]} Be6 {[%clk 0:52:28]}
12. exd6 {[%clk 1:22:12]} exd6 {[%clk 0:52:27]} 13. O-O-O {[%clk 1:18:40]} Nf6
{[%clk 0:47:16]} 14. Bc4 {[%clk 1:16:28]} Rd8 {[%clk 0:38:06]} 15. Rhe1
{[%clk 1:15:09]} Be7 {[%clk 0:23:57]} 16. Bxe6 {[%clk 1:12:56]} fxe6
{[%clk 0:23:54]} 17. Rxe6 {[%clk 1:13:10]} Kf7 {[%clk 0:22:09]} 18. Rde1
{[%clk 1:13:19]} Rhe8 {[%clk 0:21:54]} 19. Bg5 {[%clk 1:13:13]} h6
{[%clk 0:20:47]} 20. Bxf6 {[%clk 1:12:39]} Bxf6 {[%clk 0:20:52]} 21. Rxe8
{[%clk 1:12:54]} Rxe8 {[%clk 0:21:13]} 22. Rxe8 {[%clk 1:13:12]} Kxe8
{[%clk 0:21:38]} 23. Nd5 {[%clk 1:13:24]} Kd7 {[%clk 0:21:13]} 24. Nxf6+
{[%clk 1:13:43]} gxf6 {[%clk 0:21:35]} 25. Kd2 {[%clk 1:14:08]} Ke6
{[%clk 0:21:47]} 26. Ke3 {[%clk 1:14:25]} Ke5 {[%clk 0:21:48]} 27. g4
{[%clk 1:14:37]} b5 {[%clk 0:21:14]} 28. b4 {[%clk 1:14:56]} Kd5 {[%clk 0:20:56]}
29. f4 {[%clk 1:14:59]} Kc4 {[%clk 0:21:04]} 30. h4 {[%clk 1:15:06]} Kd5
{[%clk 0:20:41]} 31. a3 {[%clk 1:14:20]} Ke6 {[%clk 0:17:15]} 32. Kd4
{[%clk 1:12:41]} Ke7 {[%clk 0:16:38]} 33. Kd5 {[%clk 1:13:02]} Kd7
{[%clk 0:16:59]} 34. g5 {[%clk 1:13:26]} fxg5 {[%clk 0:16:38]} 35. fxg5
{[%clk 1:13:38]} hxg5 {[%clk 0:16:56]} 36. hxg5 {[%clk 1:13:56]} Ke7
{[%clk 0:17:11]} 37. g6 {[%clk 1:14:20]} Kf6 {[%clk 0:17:31]} 38. Kxd6
{[%clk 1:14:44]} Kxg6 {[%clk 0:17:52]} 39. Kc6 {[%clk 1:15:06]} Kf5
{[%clk 0:18:09]} 40. Kb6 {[%clk 1:15:28]} Ke5 {[%clk 0:18:25]} 41. Kxa6
{[%clk 1:15:48]} Kd5 {[%clk 0:18:40]} 42. Kxb5 {[%clk 1:16:16]} Kd6
{[%clk 0:18:52]} 43. c4 {[%clk 1:16:37]} Kc7 {[%clk 0:19:11]} 44. c5
{[%clk 1:17:02]} Kb7 {[%clk 0:19:28]} 45. c6+ {[%clk 1:17:26]} Kc7
{[%clk 0:19:52]} 46. Kc5 {[%clk 1:17:46]} Kb8 {[%clk 0:20:13]} 47. Kd6
{[%clk 1:18:05]} Kc8 {[%clk 0:20:28]} 48. c7 {[%clk 1:18:24]} Kb7
{[%clk 0:20:53]} 49. Kd7 {[%clk 1:18:42]} Kb6 {[%clk 0:21:12]} 50. c8=Q
{[%clk 1:18:57]} Kb5 {[%clk 0:21:30]} 51. Qc2 {[%clk 1:19:21]} Kb6
{[%clk 0:21:46]} 52. Qc5+ {[%clk 1:19:41]} Ka6 {[%clk 0:22:05]} 53. Qa5+
{[%clk 1:20:03]} Kb7 {[%clk 0:22:27]} 54. b5 {[%clk 1:20:24]} Kb8
{[%clk 0:22:48]} 55. b6 {[%clk 1:20:45]} Kb7 {[%clk 0:23:10]} 56. Qa7#
{[%clk 1:21:07]} 1-0